| 000 | 01514cam a22003614a 4500 | ||
|---|---|---|---|
| 001 | 12031188 | ||
| 005 | 20160928114253.0 | ||
| 008 | 000605s2001 mau b 001 0 eng | ||
| 010 | _a 00042711 | ||
| 020 | _a007233777X (acidfree paper) | ||
| 020 | _a0072416270 | ||
| 020 | _a0071180281 (International ed.) | ||
| 040 |
_aDLC _cDLC _dDLC |
||
| 042 | _apcc | ||
| 050 | 0 | 0 |
_aHG4026 _b.B6668 2001 |
| 082 | 0 | 0 |
_aDC 658.15 _22001 _bB74f |
| 100 | 1 | _aBrealey, Richard A. | |
| 245 | 1 | 0 |
_aFundamentals of corporate finance/ _cRichard A. Brealey, Stewart C. Myers and Alan J. Marcus. |
| 250 | _a3rd edition | ||
| 260 |
_aBoston: _bMcGraw-Hill/Irwin, _cc2001. |
||
| 300 |
_axxxi, 798 pages: _billustrations; _c27 cm. _e |
||
| 490 | 1 | _aThe McGraw-Hill/Irwin series in finance, insurance, and real estate | |
| 504 | _aIncludes bibliographical references and index. | ||
| 538 | _aSystem requirements for accompanying computer disc: Microsoft Windows 95 or higher, Microsoft Excel 97 or higher, and either Netscape Navigator 4.0 or higher, or Microsoft Internet Explorer 4.0 or higher. | ||
| 650 | 0 | 0 |
_aCorporations _xFinance. |
| 700 |
_aMyers, Stewart C. _915383 _eAuthor |
||
| 700 |
_aMarcus, Alan J. _915384 _eAuthor |
||
| 830 | 0 | _aIrwin series in finance, insurance, and real estate. | |
| 365 |
_b595.00 _cPhp |
||
| 906 |
_a7 _bcbc _corignew _d1 _eocip _f20 _gy-gencatlg |
||
| 942 |
_2ddc _cDC |
||
| 999 |
_c4877 _d4877 |
||